000 00664nam a2200205Ia 4500
003 GCL
008 140319s9999 xx 000 0 ara d
040 _aGCL /
_cGCL
082 0 4 _a191
_bز ا
100 1 _aزكى نجيب محمود
245 1 0 _aايام فى امريكا /
_cزكى نجيب محمود
300 _a211 ص
490 _aالهيئة العامة للاستعلامات
_v0
650 0 4 _aالمذكرات
650 0 4 _aالتراجم الذاتية
650 0 4 _aزكى نجيب محمود
650 0 4 _aالرجال - تراجم
650 0 4 _aالولايات المتحدة الامريكية - وصف ورحلات
942 _2ddc
_cBK
999 _c49838
_d49838